| 000 | 01346nam a2200337 a 4500 | ||
|---|---|---|---|
| 001 | ebr10571237 | ||
| 003 | CaPaEBR | ||
| 006 | m u | ||
| 007 | cr cn||||||||| | ||
| 008 | 110922s2012 mau sb 001 0 eng d | ||
| 010 | _z 2011038297 | ||
| 020 | _z9780262517638 | ||
| 020 | _z9780262301732 (e-book) | ||
| 040 |
_aCaPaEBR _cCaPaEBR |
||
| 035 | _a(OCoLC)795846161 | ||
| 050 | 1 | 4 |
_aZ286.O63 _bS83 2012eb |
| 082 | 0 | 4 |
_a070.5/7973 _223 |
| 100 | 1 | _aSuber, Peter. | |
| 245 | 1 | 0 |
_aOpen access _h[electronic resource] / _cPeter Suber. |
| 260 |
_aCambridge, Mass. : _bMIT Press, _cc2012. |
||
| 300 | _axii, 242 p. | ||
| 490 | 1 | _aMIT Press essential knowledge | |
| 504 | _aIncludes bibliographical references and index. | ||
| 505 | 0 | _aWhat is open access? -- Motivation -- Varieties -- Policies -- Scope -- Copyright -- Economics -- Casualties -- Future -- Self-help. | |
| 533 |
_aElectronic reproduction. _bPalo Alto, Calif. : _cebrary, _d2011. _nAvailable via World Wide Web. _nAccess may be limited to ebrary affiliated libraries. |
||
| 650 | 0 | _aOpen access publishing. | |
| 655 | 7 |
_aElectronic books. _2local |
|
| 710 | 2 | _aebrary, Inc. | |
| 830 | 0 | _aMIT Press essential knowledge series. | |
| 856 | 4 | 0 |
_uhttp://site.ebrary.com/lib/rucke/Doc?id=10571237 _zAn electronic book accessible through the World Wide Web; click to view |
| 999 |
_c80865 _d80865 |
||